000 01313nam a22003737a 4500
003 CHAP
005 20220329143104.0
008 060228d2006 mx ad r 00110 spa d
010 _a91779
011 _a92751
035 _a103317
040 _cCHAP
090 _aTesis
100 1 _aTorre Avendaño, Ariel de la.
_9113993
245 1 0 _aInducción de ovulaciones múltiples en cabras
_c/por Ariel de la Torre Avendaño
260 _aChapingo, Méx. :
_bEl autor,
_c2006
300 _a41 h. :
_bilus. ; cuadros
502 _aTesis (Ing. Agr. Esp. en Zootecnia) -- UACH. Departamento de Zootecnia
590 _aALEPH
_b10
_c20130110
_lUCH01
_h1509
590 _aBATCH-UPD
_b10
_c20130110
_lUCH01
_h0413
590 _aBATCH-UPD
_b10
_c20130110
_lUCH01
_h2013
590 _aBATCH-UPD
_b10
_c20130410
_lUCH01
_h0048
590 _aBATCH-UPD
_b10
_c20130914
_lUCH01
_h0932
590 _aCONVERSION
_b10
_c20130109
_lUCH01
_h1351
650 1 4 _aCiclo estrual.
_923072
650 1 4 _aGonadotropina.
_948622
650 1 4 _aOvulación.
_984414
650 1 4 _aSincronización del celo.
_9106556
901 _aBK
905 _aMarco A. Mendoza T.
942 _cFOLL
949 _aTesis
_bBC
_cTES
_d00000001033171
_eTS1
_gDonaciØn
_h44752
_i103317
_sb
949 _aTesis
_bBC
_cTES
_d33724000980009
_eTS2
_fc.2
_gDonaciØn
_h44753
_i103317
_sb
999 _c91779
_d91779